000
00236cam a2200109ua 4500
082
_a
922.9
_b
NAI/SR
100
_a
Nair, M K .
_9
1675
245
_a
Sree Bhrahmananda Swami Shivayogi /
250
_a
1 /
300
_a
208 ; .
942
_c
BK
999
_c
6678
_d
6678